| 000 | 00941cam a2200253 4500 | ||
|---|---|---|---|
| 001 | ABS64273 | ||
| 008 | 010806n2001 000 0 eng u | ||
| 035 | _a(Sirsi) u113967 | ||
| 100 | _aHare, L. | ||
| 245 | _aHeight advantage? | ||
| 260 | _c2001 | ||
| 490 |
_aHousing Today _v(241) 5 July 2001, 14-15(2) |
||
| 520 | _aQuestions whether high rise and high density housing are the answer to London's housing crisis, as set out in "Towards a London plan", Livingstone's proposal for London's spatial development. Includes comment by English Heritage and the Commission for Architecture and the Built Environment (CABE). | ||
| 590 | _aABS | ||
| 650 | _aHOUSING DENSITY | ||
| 650 | _aHIGH RISE | ||
| 650 | _aLONDON | ||
| 650 | _aHOUSING ASSOCIATIONS | ||
| 650 | _aCOMMISSION FOR ARCHITECTURE AND THE BUILT ENVIRONMENT | ||
| 650 | _aSOCIAL HOUSING | ||
| 650 | _aENGLISH HERITAGE | ||
| 690 | _aHOUSING-DEVELOPMENT | ||
| 942 | _n0 | ||
| 999 |
_c67918 _d67918 |
||